• 首页
  • 本馆介绍
  • 公告通知
  • 最新文献
  • 馆藏检索
  • 电子资源
  • 读者导购
  • 参考咨询
  • 我的图书馆
  • 登录
  • 详细信息显示
  • 放入我的书架
  • 预约/预借图书
  • 作者相关作品
  • 分类相关作品
  • 丛书相关作品
  • 出版社相关作品

书目信息

  • 表格格式
  • 工作单格式
  • 卡片格式
题名:
长江三角洲典型地区土壤重金属基线值及污染评价
    
 
作者: 王志刚 , 黄标 著
分册:  
出版信息: 武汉   长江出版社  2018
页数: 104页
开本: 27cm
丛书名:
单 册:
中图分类: X53
科图分类:
主题词:
电子资源:
ISBN: 978-7-5492-6160-4
000 01437nam0 2200277 450
001 012001002937
005 20140126093921.0
010    @a978-7-5492-6160-4@dCNY28.00
099    @aCAL 012019141765
100    @a20191028d2018 em y0chiy50 ea
101 0  @achi
102    @aCN@b420000
105    @aabk a 000yy
106    @ar
200 1  @a长江三角洲典型地区土壤重金属基线值及污染评价@Achang jiang san jiao zhou dian xing di qu tu rang zhong jin shu ji xian zhi ji wu ran ping jia@d= Geochemical baselines and pollution assessments of heavy metal elements in soils in representative areas of yangtze river delta region, China@f王志刚, 黄标著@zeng
210    @a武汉@c长江出版社@d2018
215    @a104页@c图, 地图@d27cm
320    @a有书目 (第92-104页)
330    @a本书调查和评价了处于长江三角洲的江苏省如皋市、张家港市和六合区三个典型县土壤重金属污染的现状及其对生态环境的风险。通过经典统计学和地统计学方法探讨了三个地区土壤重金属的基本统计特征和空间变异特征。书中还比较了基于样点与基于空间分布图的评价结果的差异。
510 1  @aGeochemical baselines and pollution assessments of heavy metal elements in soils in representative areas of yangtze river delta region, China@zeng
607    @a长江三角洲@Achang jiang san jiao zhou@x土壤污染@x重金属污染@x污染防治
690    @aX53@v5
701  0 @a王志刚@Awang zhi gang@4著
701  0 @a黄标@Ahuang biao@4著
801  0 @aCN@b北京卓展@c20191020
905    @b1204815-8@dX53@e221@f4
    
    长江三角洲典型地区土壤重金属基线值及污染评价= Geochemical baselines and pollution assessments of heavy metal elements in soils in representative areas of yangtze river delta region, China/王志刚, 黄标著.-武汉:长江出版社,2018
    104页:图, 地图;27cm
    
    
    ISBN 978-7-5492-6160-4:CNY28.00
    本书调查和评价了处于长江三角洲的江苏省如皋市、张家港市和六合区三个典型县土壤重金属污染的现状及其对生态环境的风险。通过经典统计学和地统计学方法探讨了三个地区土壤重金属的基本统计特征和空间变异特征。书中还比较了基于样点与基于空间分布图的评价结果的差异。
●
相关链接 在E读中查询图书 在五车中查询图书 在当当中查询图书 在豆瓣中查询图书


正题名:长江三角洲典型地区土壤重金属基线值及污染评价     索取号:X53/221         预约/预借

序号 登录号 条形码 馆藏地/架位号 状态 备注
1 1204815   212048158   第二样本阅览室/ [索取号:X53/221] 在馆    
2 1204816   212048167   第三借阅区/ [索取号:X53/221] 在馆    
3 1204817   212048176   第三借阅区/ [索取号:X53/221] 在馆    
4 1204818   212048185   第三借阅区/ [索取号:X53/221] 在馆    
唐山师范学院图书馆 欢迎您!
大连网信软件有限公司© 版权所有